المرآة العجيبة / (رقم التسجيلة. 38401)

تفاصيل مارك
000 -LEADER
fixed length control field 00548nam a22001937a 4500
005 - DATE AND TIME OF LATEST TRANSACTION
control field 20251108170041.0
008 - FIXED-LENGTH DATA ELEMENTS--GENERAL INFORMATION
fixed length control field 250721s1993 xx 000 0 ara d
082 14 - DEWEY DECIMAL CLASSIFICATION NUMBER
Classification number ط/ق/مجد
100 1# - MAIN ENTRY--PERSONAL NAME
Personal name صابر، مجدي
245 10 - TITLE STATEMENT
Title المرآة العجيبة /
264 1# - PRODUCTION, PUBLICATION, DISTRIBUTION, MANUFACTURE, AND COPYRIGHT NOTICE
Place of production, publication, distribution, manufacture بيروت :
Name of producer, publisher, distributor, manufacturer دار الجيل،
Date of production, publication, distribution, manufacture, or copyright notice 1993.
300 ## - PHYSICAL DESCRIPTION
Extent 47ص
490 0# - SERIES STATEMENT
Series statement مكتبة الطفل العربي؛12
650 17 - SUBJECT ADDED ENTRY--TOPICAL TERM
Topical term or geographic name as entry element الأدب العربي
650 17 - SUBJECT ADDED ENTRY--TOPICAL TERM
Topical term or geographic name as entry element القصص العربية
650 17 - SUBJECT ADDED ENTRY--TOPICAL TERM
Topical term or geographic name as entry element أدب الأطفال
942 ## - ADDED ENTRY ELEMENTS (KOHA)
Source of classification or shelving scheme Dewey Decimal Classification
Koha item type كتب
المقتنيات
حالة السحب حالة الفقدان مصدر التصنيف حالة التلف غير قابل للإعارة المكتبة الرئيسية المكتبة الحالية موقع الرف تاريخ التزويد الرقم المتسلسل Total Checkouts رقم الإستدعاء تاريخ آخر ظهور تاريخ الفاتورة نوع المادة (كوها) الباركود
    Dewey Decimal Classification     مكتبة الاميرة بديعة مكتبة الاميرة بديعة الأطفال 22/07/2015 [1984].   ط/ق/مجد 28/07/2025 22/07/2015 كتب PLD00338134
    Dewey Decimal Classification     مكتبة بدر للأطفال مكتبة بدر للأطفال الأطفال 09/08/2022 267604   ط/ق/مجد 28/07/2025 09/08/2022 كتب PLD00498548
    Dewey Decimal Classification Unchecked   مكتبة حمزة العامة مكتبة حمزة العامة الأطفال 06/07/2004 2380   ط/ق/مجد 28/07/2025 06/07/2004 كتب  
    Dewey Decimal Classification Unchecked   مكتبة حمزة العامة مكتبة حمزة العامة الأطفال 06/07/2004 2789   ط/ق/مجد 28/07/2025 06/07/2004 كتب  
    Dewey Decimal Classification Unchecked   مكتبة صويلح العامة مكتبة صويلح العامة الأطفال 06/07/2004 5236   ط/ق/مجد 28/07/2025 06/07/2004 كتب  
    Dewey Decimal Classification     مكتبة صويلح العامة مكتبة صويلح العامة الأطفال 02/09/2019 06058   ط/ق/مجد 28/07/2025 02/09/2019 كتب PLD00465509
Implemented & Customized by: BBB with SCIT (Smart Chains for Information Technology)

Powered by Koha